000
00294nam a22001337a 4500
008
170220b xxu||||| |||| 00| 0 eng d
020
_a
9780534635589
041
_a
eng
080
_2
11TH
_a
615
100
_a
5
101
_a
SHM
245
_a
AN INVITATION TO HEALTH
_c
HALES, D
942
_2
udc
_c
BK
999
_c
5829
_d
5829